Normal view
MARC view
- الحسيني، قاسم عبد سعدون
Entry Personal Name
001 - CONTROL NUMBER
- control field: 62755
003 - CONTROL NUMBER IDENTIFIER
- control field: JO-AjAnu
005 - DATE AND TIME OF LATEST TRANSACTION
- control field: 20230606084240.0
008 - FIXED-LENGTH DATA ELEMENTS
- fixed length control field: 230606|| aca||aabn | a|a d
040 ## - CATALOGING SOURCE
- Original cataloging agency: JO-AjAnu
- Transcribing agency: JO-AjAnu
100 ## - HEADING--PERSONAL NAME
- Personal name: الحسيني، قاسم عبد سعدون
670 ## - SOURCE DATA FOUND
- Source citation: Work cat.: (JO-AjAnu)32000: الحسيني، قاسم عبد سعدون, author, حركة الاسترداد الاسبانية(الريكونيكيستا)( 98-ـ422هـ/718-1030م):قراءة في المصطلح والمضمون-النشأة والتطور، ج1